Aston Wesley Powell Image Collection-1930s to 1970s (Record no. 20500)
[ view plain ]
| 000 -LEADER | |
|---|---|
| fixed length control field | 00995nam a22001817a 4500 |
| 003 - CONTROL NUMBER IDENTIFIER | |
| control field | OSt |
| 005 - DATE AND TIME OF LATEST TRANSACTION | |
| control field | 20251224173643.0 |
| 008 - FIXED-LENGTH DATA ELEMENTS--GENERAL INFORMATION | |
| fixed length control field | 251223b |||||||| |||| 00| 0 eng d |
| 020 ## - INTERNATIONAL STANDARD BOOK NUMBER | |
| International Standard Book Number | 0000000000000 |
| 040 ## - CATALOGING SOURCE | |
| Transcribing agency | Wesley Powell Learning Resource Center |
| 100 ## - MAIN ENTRY--PERSONAL NAME | |
| Personal name | Wesley Powell Learning Resource Center-Complier |
| 245 ## - TITLE STATEMENT | |
| Title | Aston Wesley Powell Image Collection-1930s to 1970s |
| 260 ## - PUBLICATION, DISTRIBUTION, ETC. (IMPRINT) | |
| Place of publication, distribution, etc. | Kingston, Jamaica: |
| Name of publisher, distributor, etc. | Wesley Powell Learning Resource Center, |
| Date of publication, distribution, etc. | 2025 |
| 300 ## - PHYSICAL DESCRIPTION | |
| Extent | 1 digital collection comprising several different images |
| 520 ## - SUMMARY, ETC. | |
| Summary, etc. | A collection of digitized photographs documentating the history of Excelsior Education Center. This collection specifically contains black and whites of the early beginnings of the founder Aston Wesley Powell's work in developing the pre-primary, primary, high school and community college institutions. This collection is on-going as more images will be added. |
| 650 ## - SUBJECT ADDED ENTRY--TOPICAL TERM | |
| Source of heading or term | Aston Wesley Powell, Excelsior High School, |
| 942 ## - ADDED ENTRY ELEMENTS (KOHA) | |
| Source of classification or shelving scheme | Dewey Decimal Classification |
| Koha item type | Digital Image |
| Withdrawn status | Lost status | Source of classification or shelving scheme | Damaged status | Not for loan | Home library | Current library | Date acquired | Total Checkouts | Date last seen | Price effective from | Koha item type |
|---|---|---|---|---|---|---|---|---|---|---|---|
| Dewey Decimal Classification | Wesley Powell Learning Resource Centre | Wesley Powell Learning Resource Centre | 12/23/2025 | 12/23/2025 | 12/23/2025 | Digital Image |